Top 5 Countries that produce ... #8 - Statistics

General Stats
  • This quiz has been taken 90 times
  • The average score is 20 of 30
Answer Stats
Answer % Correct
United States
99%
United States
99%
United States
99%
United States
99%
United States
99%
China
93%
China
93%
China
93%
India
88%
India
88%
Spain
87%
Italy
84%
Turkey
80%
Turkey
80%
Turkey
80%
Iran
77%
Iran
77%
Vietnam
67%
Nigeria
63%
Philippines
61%
Morocco
60%
Chile
46%
Ukraine
45%
Sudan
32%
Syria
30%
Syria
30%
Azerbaijan
26%
Georgia
26%
Ivory Coast
24%
Benin
11%
No matching quizzes found
Score Distribution
Percent of People with Each Score
Percentile by Number Answered
Your Score History
You have not taken this quiz